Do You Really Know Ariana Grande? - Statistics

General Stats
  • This quiz has been taken 794 times
  • The average score is 9 of 15
Answer Stats
Question Answer % Correct
What month was Ariana born? june
97%
Who did Ariana Grande date that passed away? mac miller
91%
What is her half brothers first name? Frankie
88%
What state was Ariana born? florida
87%
Does she wear contacts? yes
85%
At what age did Ariana make her broadway debut? 15
83%
How old is she (2019) 26
81%
What movie genre does she love? horror
70%
What board game does she love? monopoly
69%
How tall is Ariana? 5'2
63%
What is Ariana's number one song? 7 rings
52%
What is her favorite color? lavender
45%
What was her first role ever? Annie
29%
What is her favorire movie? bruce almighty
5%
What is her favorite thing to do at night? go to beach
1%
No matching quizzes found
Score Distribution
Percent of People with Each Score
Percentile by Number Answered
Your Score History
You have not taken this quiz